000 00472cam a22001217a 4500
008 180718b-- xxu||||| |||| 00| 0 eng d
082 _aL906x5451 G
245 _aAccounts at a glance, Andhra Pradesh
260 _aGwalior
_bPrincipal Accountant General (Accounts and Entitlements)
_c--
500 _aLibrary has 1998/99-2009/10
650 _aAndhra Pradesh - Appropriations and expenditures
700 _aAndhra Pradesh. Principal Accountant General (Accounts and Entitlements)
999 _c490807
_d490807